000 01153cam a22003257a 4500
003 CHAP
005 20220329133825.0
008 971013s1982 r 00010 d
010 _a11407
011 _a12379
035 _a15552
040 _cCHAP
090 _aFolleto 8002
100 0 0 _aDomecq de Osorio, Susana.
_933746
245 1 3 _aEl Centro de Economía Agrícola del Colegio de Postgraduados
260 _aChapingo, Méx. :
_bColegio de Postgraduados. Centro de Economía Agrícola,
_c1982
300 _a20 p.
590 _aBATCH-UPD
_b10
_c20130109
_lUCH01
_h2333
590 _aBATCH-UPD
_b10
_c20130110
_lUCH01
_h2128
590 _aBATCH-UPD
_b10
_c20130409
_lUCH01
_h1859
590 _aBATCH-UPD
_b10
_c20130913
_lUCH01
_h2008
590 _aCONVERSION
_b10
_c20130109
_lUCH01
_h1308
650 1 4 _aAgricultura
_xAspectos económicos
_xEstudio y enseñanza.
_91242
700 0 _aChalita Tovar, Luis Eduardo.
_921752
901 _aBK
942 _cFOLL
949 _aFolleto 8002
_bBC
_cFOLL
_d-141329
_eTS1
_i15552
_si
949 _aFolleto 8002
_bBC
_cFOLL
_d-141331
_eTS2
_fc.2
_i15552
_si
949 _aFolleto 8002
_bBC
_cFOLL
_d-141332
_eTS2
_fc.3
_i15552
_si
999 _c11407
_d11407